[Event "20th HZ Open 2016"]
[Site "Vlissingen NED"]
[Date "2016.08.12"]
[Round "8.38"]
[White "Kevlishvili, Robby"]
[Black "Sekandar, Kambiz"]
[Result "1-0"]
[WhiteTitle "FM"]
[WhiteElo "2409"]
[BlackElo "2129"]
[WhiteFideId "1040634"]
[BlackFideId "11700939"]
[EventDate "2016.08.06"]

1. e4 c6 2. d4 d5 3. Nd2 dxe4 4. Nxe4 Bf5 5. Ng3 Bg6 6. h4 h6 7. Nf3 Nd7 8. h5
Bh7 9. Bd3 Bxd3 10. Qxd3 e6 11. Bd2 Ngf6 12. O-O-O Be7 13. Kb1 O-O 14. Ne4 Nxe4
15. Qxe4 Nf6 16. Qe2 Qd5 17. Be3 Qb5 18. c4 Qf5+ 19. Ka1 c5 20. Ne5 cxd4 21.
Bxd4 Rfd8 22. g4 Qf4 23. Bc3 Bc5 24. f3 Bd4 25. Bxd4 Rxd4 26. Rxd4 Qxd4 27. Rd1
Qf4 28. Kb1 Rc8 29. Re1 Nh7 30. b3 Rd8 31. Qe3 Qd4 32. Qxd4 Rxd4 33. Kc2 Ng5 34.
Re3 f6 35. Nd3 e5 36. Kc3 Ne6 37. a4 Kf7 38. b4 Ke7 39. a5 Kd6 40. Nc1 b5 41.
axb6 axb6 42. Ne2 b5 43. cxb5 Rd5 44. Kc4 Nc7 45. b6 Na8 46. Nc3 Rd4+ 47. Kb5
Nxb6 48. Kxb6 Rxb4+ 49. Ka5 Rb8 50. Ne4+ Kd5 51. Rd3+ Ke6 52. Nc5+ Kf7 53. Rd7+
Kg8 54. Ne6 Rb3 55. Rxg7+ Kh8 56. Rf7 Rxf3 57. g5 hxg5 58. Rf8+ Kh7 59. Nxg5+
Kg7 60. Nxf3 Kxf8 61. Nh4 1-0

[Event "20th HZ Open 2016"]
[Site "Vlissingen NED"]
[Date "2016.08.12"]
[Round "8.39"]
[White "Van Foreest, Lucas"]
[Black "Luft, Dennis"]
[Result "1/2-1/2"]
[WhiteElo "2393"]
[BlackElo "2190"]
[WhiteFideId "1039792"]
[BlackFideId "24623717"]
[EventDate "2016.08.06"]

1. e4 e5 2. Nf3 Nc6 3. Bc4 Bc5 4. d3 Nf6 5. c3 d6 6. Bb3 a6 7. Nbd2 Ba7 8. Nf1
h6 9. h3 Na5 10. Bc2 c5 11. Ne3 Nc6 12. a4 Be6 13. O-O g5 14. Bb3 Qd7 15. Bxe6
fxe6 16. Nh2 Ne7 17. Nhg4 Neg8 18. Nxf6+ Nxf6 19. b3 Ke7 20. Bb2 Rhg8 21. Re1
Raf8 22. a5 Qe8 23. Qe2 Qg6 24. g3 h5 25. Rad1 h4 26. g4 Rd8 27. Nc4 Nd7 28. d4
cxd4 29. cxd4 exd4 30. Bxd4 Bxd4 31. Rxd4 Qf6 32. Rxd6 Ne5 33. Rb6 Nf3+ 34. Kg2
Nxe1+ 35. Qxe1 Qd4 36. Qb4+ Kf7 37. Nd6+ Rxd6 38. Qxd6 Qxe4+ 39. Kh2 Re8 40. Qd2
Qe5+ 41. Kg1 Re7 42. Rd6 Rc7 43. Qd3 Kf6 44. Rd8 Rc3 45. Qh7 Qe1+ 1/2-1/2

[Event "20th HZ Open 2016"]
[Site "Vlissingen NED"]
[Date "2016.08.12"]
[Round "8.40"]
[White "Kalle, Erwin"]
[Black "Hummel, Erik-Jan"]
[Result "0-1"]
[BlackTitle "FM"]
[WhiteElo "1938"]
[BlackElo "2294"]
[WhiteFideId "1045504"]
[BlackFideId "1009028"]
[EventDate "2016.08.06"]

1. e4 e6 2. d4 d5 3. Nd2 Nf6 4. e5 Nfd7 5. Bd3 c5 6. c3 Nc6 7. Ne2 cxd4 8. cxd4
f6 9. exf6 Nxf6 10. Nf3 Bd6 11. O-O Qc7 12. Bg5 O-O 13. Bh4 Nh5 14. Qc2 h6 15.
Bh7+ Kh8 16. Bg6 Rxf3 17. Bxh5 Rf8 18. Bg3 Bd7 19. Rfe1 Rf6 20. Rac1 Raf8 21.
Qd2 Bxg3 22. fxg3 g5 23. b4 Qb6 24. a3 Ne5 25. Rc3 Bb5 26. h3 Nc4 27. Qd1 e5 28.
a4 Nb2 29. Qb3 exd4 30. a5 Qe6 31. Rc5 Nd3 0-1

[Event "20th HZ Open 2016"]
[Site "Vlissingen NED"]
[Date "2016.08.12"]
[Round "8.41"]
[White "Wagenvoorde, Guido"]
[Black "Muehlenhaus, Sven"]
[Result "0-1"]
[BlackTitle "FM"]
[WhiteElo "1998"]
[BlackElo "2262"]
[WhiteFideId "1051083"]
[BlackFideId "4671546"]
[EventDate "2016.08.06"]

1. d4 d5 2. c4 c6 3. Nf3 Nf6 4. Nc3 e6 5. e3 Nbd7 6. Qc2 Bd6 7. g4 Bb4 8. Bd2
Nxg4 9. Rg1 h5 10. h3 Nh6 11. O-O-O Qf6 12. Be2 Qf5 13. Rxg7 Qxc2+ 14. Kxc2 Nf5
15. Rg2 Bf8 16. e4 dxe4 17. Nxe4 b6 18. Bc3 Bb7 19. d5 Rh6 20. dxe6 Rxe6 21.
Nfg5 c5 22. Nxe6 Bxe4+ 23. Bd3 Bxd3+ 24. Kxd3 fxe6 25. Rg5 O-O-O 26. Ke2 h4 27.
f4 Kc7 28. Rg6 Re8 29. Kf3 Bd6 30. Re1 e5 31. fxe5 Bxe5 32. Kg4 Nd4 33. b4 Rf8
34. bxc5 Rf4+ 35. Kh5 bxc5 36. Ba5+ Kc8 37. Rg8+ Kb7 38. Rd8 Nf6+ 39. Kg6 Ne4
40. Rd7+ Kc6 41. Rf7 Rxf7 42. Kxf7 Nd6+ 43. Kg6 Nxc4 44. Bd8 Bg3 45. Re7 Ne5+
46. Kh5 Nef3 47. Rxa7 c4 48. Ra3 Be1 49. Bf6 Kd5 50. Kg4 Ke4 51. Ra8 Kd3 52. a4
c3 53. Rc8 c2 54. Bg7 Bc3 55. Bh6 Nd2 56. a5 c1=Q 57. a6 Qg1+ 58. Kxh4 Qg6 59.
Rxc3+ Kxc3 0-1

[Event "20th HZ Open 2016"]
[Site "Vlissingen NED"]
[Date "2016.08.12"]
[Round "8.42"]
[White "De Kraker, Johnny"]
[Black "Afek, Yochanan"]
[Result "0-1"]
[BlackTitle "IM"]
[WhiteElo "1994"]
[BlackElo "2237"]
[WhiteFideId "1028782"]
[BlackFideId "2800462"]
[EventDate "2016.08.06"]

1. e4 e6 2. d4 c5 3. c3 d5 4. e5 Nc6 5. Be3 Nh6 6. Nf3 Nf5 7. Bd3 Qb6 8. Qd2
cxd4 9. cxd4 Bd7 10. Be2 Be7 11. Nc3 Rc8 12. Rc1 O-O 13. O-O Na5 14. h3 Nc4 15.
Bxc4 Rxc4 16. b3 Rc7 17. Na4 Bxa4 18. Rxc7 Qxc7 19. bxa4 Nxe3 20. Qxe3 Rc8 21.
Qb3 Qc6 22. Rb1 Rc7 23. Kh2 h6 24. Rd1 Qc4 25. Rb1 Qxb3 26. axb3 Kf8 27. Kg1 Ke8
28. Kf1 Kd7 29. Ke2 Rc2+ 30. Ke3 Bb4 31. h4 Kc6 32. h5 Kb6 33. g4 Ba3 34. Ne1
Rc8 35. Nd3 Ka5 36. Kd2 Bb4+ 37. Ke3 Rc2 38. Rd1 a6 39. Rb1 Bd2+ 40. Kf3 Bg5 41.
Ra1 Kb6 42. Rd1 Rc3 43. Ke2 Rxb3 44. f4 Be7 45. Rg1 Rc3 46. Ke3 Ka5 47. g5 hxg5
48. fxg5 Rc8 49. g6 f6 50. h6 gxh6 51. g7 Rg8 52. exf6 Bxf6 53. Rg6 Bxg7 54. Ke2
Kxa4 55. Nf4 Rf8 56. Nxe6 Re8 57. Kd3 Bh8 58. Nc5+ Ka3 59. Nxb7 Re4 60. Rxa6+
Kb2 61. Rb6+ Kc1 62. Rc6+ Kd1 63. Rxh6 Rxd4+ 64. Ke3 Be5 65. Rh5 Bg7 66. Rh7 Rg4
67. Kf3 Rg6 68. Nc5 d4 69. Rh3 Rc6 70. Ne4 Kc2 71. Rh2+ Kb3 72. Nd2+ Kb4 73. Ne4
Ra6 74. Rb2+ Kc4 75. Rc2+ Kb3 76. Nc5+ Kxc2 77. Nxa6 Bf8 78. Nc7 d3 79. Nd5 Bc5 0-1

[Event "20th HZ Open 2016"]
[Site "Vlissingen NED"]
[Date "2016.08.12"]
[Round "8.43"]
[White "Lacrosse, Marc"]
[Black "Elgersma, Simon"]
[Result "1/2-1/2"]
[WhiteTitle "FM"]
[WhiteElo "2225"]
[BlackElo "1999"]
[WhiteFideId "200921"]
[BlackFideId "1046101"]
[EventDate "2016.08.06"]

1. d4 Nf6 2. c4 g6 3. Nc3 Bg7 4. e4 d6 5. Be2 O-O 6. Be3 e5 7. Nf3 Ng4 8. Bg5 f6
9. Bh4 g5 10. Bg3 Nh6 11. dxe5 dxe5 12. Qd5+ Nf7 13. O-O c6 14. Qc5 Na6 15. Qa3
Re8 16. c5 Nc7 17. Nd2 b5 18. cxb6 axb6 19. Qb3 Ne6 20. Bh5 Qc7 21. Rac1 Nd4 22.
Nb5 Nxb5 23. Qxb5 Ba6 24. Qb3 Bxf1 25. Nxf1 Rf8 26. Ne3 Kh8 27. f3 Nd6 28. Bf2
Qb7 29. a3 Rfd8 30. h4 gxh4 31. Bxh4 Nb5 32. Nf5 Qd7 33. Bf2 Rab8 34. Kh2 Nd6
35. Rd1 Qc7 36. Ne3 Qe7 37. Rc1 Rdc8 38. Bg4 Rc7 39. a4 Bh6 40. Rc2 Bxe3 41.
Bxe3 f5 42. exf5 Qh4+ 43. Kg1 Qe1+ 44. Kh2 Qh4+ 45. Kg1 Qe1+ 46. Kh2 Qh4+ 1/2-1/2

[Event "20th HZ Open 2016"]
[Site "Vlissingen NED"]
[Date "2016.08.12"]
[Round "8.44"]
[White "Kartsev, Soel"]
[Black "Mesman, Edwyn"]
[Result "1-0"]
[WhiteElo "2221"]
[BlackElo "1991"]
[WhiteFideId "4130561"]
[BlackFideId "1046551"]
[EventDate "2016.08.06"]

1. e4 c5 2. c3 d5 3. exd5 Qxd5 4. d4 Nc6 5. Nf3 Bg4 6. Be2 cxd4 7. cxd4 e6 8.
Nc3 Bb4 9. O-O Qd7 10. a3 Ba5 11. b4 Bb6 12. d5 exd5 13. Nxd5 Nge7 14. Nxb6 axb6
15. Bb2 O-O 16. h3 Bf5 17. Nd4 Rfd8 18. Nxf5 Qxf5 19. Qb1 Rd2 20. Bf3 Rad8 21.
Be4 Qh5 22. Bc3 R2d7 23. Bf3 Qf5 24. Re1 Qxb1 25. Raxb1 Nd5 26. b5 Na5 27. Bxa5
bxa5 28. b6 Rd6 29. Rb5 Nxb6 30. Rxa5 R6d7 31. Rc5 Kf8 32. Rb1 Na4 33. Rc4 Rd4
34. Rxd4 Rxd4 35. Rxb7 Nc5 36. Ra7 Ra4 37. Rxa4 Nxa4 38. Kf1 Ke7 39. Ke2 Kd6 40.
Kd3 Kc5 41. g3 Nb6 42. Kc3 Nc4 43. a4 Na5 44. Be4 g6 45. h4 Nc4 46. Bd3 Na5 47.
Bb5 Nb7 48. Bc4 f6 49. Bd3 f5 50. h5 Na5 51. g4 Nc6 52. hxg6 hxg6 53. gxf5 gxf5
54. Bxf5 Nb4 55. Be4 Na2+ 56. Kb2 Nb4 57. Kb3 Na6 58. Kc3 Nc7 59. f4 Ne8 60. f5
Nf6 61. Bf3 Nd7 62. Be2 Nb6 63. a5 Nd5+ 64. Kd2 Kd4 65. a6 Nb6 66. f6 1-0

[Event "20th HZ Open 2016"]
[Site "Vlissingen NED"]
[Date "2016.08.12"]
[Round "8.45"]
[White "Boerkamp, Harry"]
[Black "Balje, Jan"]
[Result "0-1"]
[WhiteElo "1946"]
[BlackElo "2219"]
[WhiteFideId "1041002"]
[BlackFideId "1004085"]
[EventDate "2016.08.06"]

1. e4 c5 2. d4 cxd4 3. c3 Nf6 4. e5 Nd5 5. Bc4 Qc7 6. Qe2 Nb6 7. Bb3 d5 8. exd6
Qxd6 9. Nf3 d3 10. Qe4 N8d7 11. Be3 Nf6 12. Qf4 Qxf4 13. Bxf4 Nfd5 14. Bg3 f6
15. Nbd2 e5 16. O-O-O Bf5 17. Nh4 Bg4 18. Rde1 O-O-O 19. c4 Nf4 20. Bxf4 exf4
21. Bd1 Bd7 22. Nhf3 g5 23. h4 Bc5 24. hxg5 Bxf2 25. Re7 fxg5 26. Nxg5 Be3 27.
b3 Rhg8 28. Ne4 Bf5 29. Bf3 Bg6 30. Nf6 Rh8 31. Bxb7+ Kb8 32. Bf3 Rhf8 33. Nxh7
Rh8 34. Rh6 Rd7 35. Rxd7 Nxd7 36. Rxg6 Rxh7 37. Rd6 Ne5 38. Bd1 Rh1 39. Rd5 Ng4
40. Rxd3 Nf2 41. Rd5 Rxd1+ 42. Kc2 Ra1 43. a4 Ra2+ 0-1

[Event "20th HZ Open 2016"]
[Site "Vlissingen NED"]
[Date "2016.08.12"]
[Round "8.46"]
[White "In t Veld, Daan"]
[Black "Van de Groep, William"]
[Result "1-0"]
[WhiteElo "2212"]
[BlackElo "1980"]
[WhiteFideId "1016270"]
[BlackFideId "1009583"]
[EventDate "2016.08.06"]

1. d4 e6 2. Nc3 d5 3. Nf3 Nf6 4. Bg5 c5 5. e4 Qa5 6. Bxf6 gxf6 7. exd5 a6 8.
dxe6 Bxe6 9. d5 Bd7 10. Bd3 Qb4 11. O-O Bg7 12. Qe1+ Kd8 13. Ne4 Qb6 14. Qc3 h5
15. Nfd2 Qb4 16. Qxc5 Qxc5 17. Nxc5 b5 18. c3 h4 19. Rfd1 h3 20. g3 Ra7 21. a4
b4 22. cxb4 f5 23. Nc4 f4 24. Be2 fxg3 25. fxg3 Bf5 26. Ra3 Nd7 27. Rf3 Bg6 28.
d6 Ne5 29. Nxe5 Bxe5 30. Re3 f6 31. Bxa6 Bf5 32. b5 Bd7 33. b6 Ra8 34. b7 Rb8
35. b4 Bg4 36. Be2 Bd7 37. a5 1-0

[Event "20th HZ Open 2016"]
[Site "Vlissingen NED"]
[Date "2016.08.12"]
[Round "8.47"]
[White "Van den Berg, Bram"]
[Black "Reichardt, Gert"]
[Result "1-0"]
[WhiteElo "2205"]
[BlackElo "1888"]
[WhiteFideId "1008684"]
[BlackFideId "1051539"]
[EventDate "2016.08.06"]

1. e4 e5 2. Nf3 Nc6 3. d4 exd4 4. c3 d5 5. exd5 Qxd5 6. cxd4 Bg4 7. Be2 Bb4+ 8.
Nc3 Bxf3 9. Bxf3 Qc4 10. Qb3 Qxb3 11. axb3 Nxd4 12. Bxb7 Nc2+ 13. Ke2 Nd4+ 14.
Kd3 Rd8 15. Kc4 a5 16. Nd5 Rb8 17. Nxb4 Rxb7 18. Rxa5 Rxb4+ 19. Kxb4 Nc6+ 20.
Kb5 Nxa5 21. Kxa5 Ne7 22. Kb5 c6+ 23. Kc5 Kd7 24. Bd2 Ra8 25. b4 Rb8 26. Ra1
Rb5+ 27. Kc4 Rf5 28. Be3 Nd5 29. Bc5 Rf4+ 30. Kb3 Rf5 31. g3 g5 32. h3 h5 33.
Kc4 h4 34. Rd1 Kc7 35. Rd3 Nb6+ 36. Kb3 Nd5 37. g4 Re5 38. Rf3 f6 39. Rd3 Re4
40. b5 Rf4 41. bxc6 Kxc6 42. Bd4 Kb5 43. Be5 fxe5 44. Rxd5+ Kc6 45. Rxe5 Rxf2
46. Rxg5 Rf3+ 47. Kc4 Rxh3 48. Rg6+ Kb7 49. b4 Rg3 50. Kb5 h3 51. Rg7+ Kc8 52.
Kc6 Rc3+ 53. Kb6 Rc4 54. b5 h2 55. Rh7 Rxg4 56. Rh8+ Kd7 57. Rxh2 Rb4 58. Rc2
Rb1 59. Ka6 Rb3 60. b6 Rb1 61. Ka7 Rb3 62. b7 Ra3+ 63. Kb8 Rh3 64. Ra2 Rb3 65.
Ka8 Kc7 66. Rc2+ Kd7 67. b8=Q Ra3+ 68. Qa7+ 1-0

[Event "20th HZ Open 2016"]
[Site "Vlissingen NED"]
[Date "2016.08.12"]
[Round "8.48"]
[White "Krause, Thomas"]
[Black "Moens, Patrick"]
[Result "1-0"]
[WhiteElo "2157"]
[BlackElo "1886"]
[WhiteFideId "4696670"]
[BlackFideId "263400"]
[EventDate "2016.08.06"]

1. d4 f5 2. Bg5 Nf6 3. Bxf6 exf6 4. e3 c6 5. c4 Bb4+ 6. Nc3 O-O 7. Bd3 g6 8. Ne2
Re8 9. h4 Na6 10. h5 Qe7 11. hxg6 hxg6 12. Nf4 Qg7 13. g4 Bd6 14. Qf3 Bxf4 15.
Qxf4 fxg4 16. Ne4 f5 17. Nd6 Rf8 18. c5 Nb4 19. Bc4+ Nd5 20. Rh6 g5 21. Qh2 Rf6
22. Rxf6 Qxf6 23. O-O-O Kf8 24. Bxd5 cxd5 25. Rh1 f4 26. Qh5 1-0

[Event "20th HZ Open 2016"]
[Site "Vlissingen NED"]
[Date "2016.08.12"]
[Round "8.49"]
[White "De Wilde, Rik"]
[Black "Van Haaften, Maarten"]
[Result "1-0"]
[WhiteElo "2153"]
[BlackElo "1884"]
[WhiteFideId "1024337"]
[BlackFideId "1052586"]
[EventDate "2016.08.06"]

1. e4 c5 2. Nf3 d6 3. d4 cxd4 4. Nxd4 Nf6 5. f3 e5 6. Nb3 Nxe4 7. Bb5+ Nc6 8.
fxe4 Qh4+ 9. Kf1 Qxe4 10. Nc3 Qf5+ 11. Qf3 Qxf3+ 12. gxf3 Bh3+ 13. Kf2 Be7 14.
Kg3 Be6 15. Na5 Rc8 16. Nxb7 O-O 17. Bxc6 Rxc6 18. Na5 Rc5 19. Nb3 Rc4 20. Rd1
Bh4+ 21. Kg2 d5 22. Be3 d4 23. Nxd4 exd4 24. Rxd4 Rxd4 25. Bxd4 Rd8 26. Rd1 a6
27. a4 g6 28. b4 f5 29. b5 Bc8 30. Ne2 axb5 31. axb5 Be7 32. Rc1 Bg5 33. Ra1 Be6
34. b6 Bd5 35. Ra7 Bh6 36. Rc7 Bf8 37. c4 Be6 38. b7 g5 39. Ba7 Bd6 40. Rc6 Bb8
41. Bxb8 Rxb8 1-0

[Event "20th HZ Open 2016"]
[Site "Vlissingen NED"]
[Date "2016.08.12"]
[Round "8.50"]
[White "Nachbar, Benjamin"]
[Black "De Pooter, Ronald"]
[Result "1-0"]
[WhiteElo "2124"]
[BlackElo "1761"]
[WhiteFideId "4674880"]
[BlackFideId "1019902"]
[EventDate "2016.08.06"]

1. d4 Nf6 2. c4 e6 3. Nc3 d5 4. Bg5 Be7 5. e3 O-O 6. Nf3 Nbd7 7. Qc2 c6 8. Rd1
dxc4 9. Bxc4 Nd5 10. Bxe7 Qxe7 11. O-O f5 12. e4 fxe4 13. Nxe4 N7f6 14. Rfe1
Nxe4 15. Rxe4 Qf6 16. Re5 h6 17. Rde1 Nf4 18. Qe4 Nh3+ 19. gxh3 Qxf3 20. Qxf3
Rxf3 21. R1e4 Bd7 22. Be2 Rf6 23. f3 Raf8 24. Kf2 Rf4 25. Ke3 g5 26. h4 Rxh4 27.
Rxh4 gxh4 28. Rh5 Kg7 29. Rxh4 Be8 30. Ke4 Rf5 31. Bc4 Bg6 32. Ke3 e5 33. d5
cxd5 34. Bxd5 b6 35. Rc4 a5 36. Rc7+ Kf8 37. Rc6 Be8 38. Rxh6 b5 39. Ke4 Rg5 40.
h4 Bg6+ 41. Ke3 Rg2 42. Rh8+ Kg7 43. Rg8+ Kh6 44. Bf7 1-0

[Event "20th HZ Open 2016"]
[Site "Vlissingen NED"]
[Date "2016.08.13"]
[Round "9.13"]
[White "Saravanan, V."]
[Black "Rathnakaran, K."]
[Result "1/2-1/2"]
[WhiteTitle "IM"]
[BlackTitle "IM"]
[WhiteElo "2281"]
[BlackElo "2452"]
[WhiteFideId "5000580"]
[BlackFideId "5005507"]
[EventDate "2016.08.06"]

1. d4 Nf6 2. Bg5 e6 3. Nd2 h6 4. Bh4 b6 5. e4 Be7 6. c3 Bb7 7. Bd3 d6 8. Ngf3
Nbd7 9. Qe2 a5 10. O-O-O a4 11. Kb1 a3 12. b3 c5 13. h3 d5 14. e5 Ng8 15. Bg3
Bf8 16. dxc5 bxc5 17. c4 Ne7 18. Rc1 Qb6 19. Rhe1 d4 20. Rf1 Nc6 21. Ne1 Nb4 22.
Be4 Be7 23. f4 O-O 24. Nd3 Bxe4 25. Nxe4 Nxd3 26. Qxd3 f5 27. exf6 Nxf6 28. Bh4
Nxe4 29. Bxe7 Nc3+ 30. Rxc3 dxc3 31. Bxf8 Rxf8 32. g3 e5 33. Qd5+ Kh8 34. Qxe5
Qc6 35. Qxc3 Qg2 36. Re1 Qxh3 37. Qe3 Rd8 38. Qe7 Qf5+ 39. Qe4 Rd1+ 40. Kc2
Qxe4+ 41. Rxe4 Ra1 42. Re8+ Kh7 43. Ra8 Rxa2+ 44. Kd3 Ra1 45. Kc2 h5 46. Ra5 g5
47. fxg5 Rg1 48. Rxa3 Rxg3 49. Ra6 Rxg5 50. b4 cxb4 51. Kb3 Rg6 52. Ra5 h4 53.
Kxb4 h3 54. Ra1 h2 55. Rh1 Rg2 56. c5 Kg6 57. c6 Kf6 58. c7 1/2-1/2

[Event "20th HZ Open 2016"]
[Site "Vlissingen NED"]
[Date "2016.08.13"]
[Round "9.14"]
[White "Brink, Barry"]
[Black "Zelbel, Patrick"]
[Result "1/2-1/2"]
[WhiteTitle "FM"]
[BlackTitle "IM"]
[WhiteElo "2293"]
[BlackElo "2445"]
[WhiteFideId "1009451"]
[BlackFideId "24624322"]
[EventDate "2016.08.06"]

1. d4 Nf6 2. c4 e6 3. Nc3 Bb4 4. e3 O-O 5. Bd3 c5 6. Nf3 Nc6 7. O-O Bxc3 8. bxc3
d6 9. e4 e5 10. d5 Ne7 11. Ne1 Ng6 12. g3 Bh3 13. Ng2 Ne8 14. Qc2 Qd7 15. Bd2 f5
16. f3 f4 17. Rf2 h5 18. Bf1 Bxg2 19. Rxg2 fxg3 20. Rxg3 Nf4 21. Bxf4 Rxf4 22.
Bh3 Qe7 23. Qg2 Rb8 24. Rg5 h4 25. Be6+ Kf8 26. Rg6 Rf6 27. Rg5 Rf4 28. Rg6 Rf6
29. Rg5 1/2-1/2

[Event "20th HZ Open 2016"]
[Site "Vlissingen NED"]
[Date "2016.08.13"]
[Round "9.15"]
[White "Docx, Stefan"]
[Black "Praveen, Kumar C"]
[Result "0-1"]
[WhiteTitle "IM"]
[BlackTitle "IM"]
[WhiteElo "2420"]
[BlackElo "2242"]
[WhiteFideId "200778"]
[BlackFideId "5007372"]
[EventDate "2016.08.06"]

1. e4 e6 2. d4 d5 3. Nd2 Be7 4. Bd3 c5 5. dxc5 Nf6 6. Qe2 O-O 7. Ngf3 a5 8. O-O
Na6 9. e5 Nd7 10. c4 Naxc5 11. Bc2 f6 12. Rd1 fxe5 13. Nxe5 Nxe5 14. Qxe5 Bf6
15. Qe2 b6 16. Ne4 Nxe4 17. Bxe4 Ba6 18. Bd3 Re8 19. Be3 d4 20. Bd2 Bb7 21. Rac1
Rc8 22. Re1 e5 23. Qg4 Qe7 24. f3 g6 25. Be4 Bxe4 26. Rxe4 b5 27. b3 bxc4 28.
Rxc4 Rxc4 29. bxc4 Qf7 30. h4 h5 31. Qg3 Kh7 32. Bxa5 Qxc4 33. Qf2 Ra8 34. Qd2
Qd5 35. Bb4 Rxa2 36. Qd3 Rb2 37. Qa6 Bg7 38. Qa3 Rb3 39. Qa5 Qc4 40. Bd2 Rb2 41.
Kh2 Ra2 42. Qb4 Qd3 0-1

[Event "20th HZ Open 2016"]
[Site "Vlissingen NED"]
[Date "2016.08.13"]
[Round "9.16"]
[White "Sukandar, Irine Kharisma"]
[Black "Lanchava, Tea"]
[Result "1-0"]
[WhiteTitle "IM"]
[BlackTitle "IM"]
[WhiteElo "2418"]
[BlackElo "2259"]
[WhiteFideId "7101937"]
[BlackFideId "1005308"]
[EventDate "2016.08.06"]

1. e4 g6 2. d4 d6 3. Nc3 Bg7 4. Be3 a6 5. Qd2 Nd7 6. h4 h5 7. Nf3 b5 8. a4 b4 9.
Nd5 a5 10. Bc4 e6 11. Nf4 Nb6 12. Bb3 Ba6 13. Ng5 d5 14. f3 c6 15. Nd3 Bc4 16.
Nc5 Qe7 17. O-O-O Nf6 18. Bf4 Nfd7 19. Kb1 Bxb3 20. cxb3 Nxc5 21. dxc5 Nc8 22.
Qc2 O-O 23. g4 e5 24. Bc1 f6 25. Nh3 d4 26. gxh5 gxh5 27. Rhg1 Qe6 28. Rg3 Kh8
29. Rdg1 Ra7 30. f4 f5 31. Rg5 Qe8 32. fxe5 Qxe5 33. Nf4 Qxe4 34. Ng6+ Kg8 35.
Nxf8 d3 36. Qc4+ Kxf8 37. Qxe4 fxe4 38. Rxg7 Rxg7 39. Bh6 e3 40. Bxg7+ Kf7 41.
Bh6 1-0

[Event "20th HZ Open 2016"]
[Site "Vlissingen NED"]
[Date "2016.08.13"]
[Round "9.17"]
[White "Kabos, Tobias"]
[Black "Koop, Thorben"]
[Result "1-0"]
[WhiteTitle "FM"]
[BlackTitle "IM"]
[WhiteElo "2273"]
[BlackElo "2412"]
[WhiteFideId "1010182"]
[BlackFideId "24661619"]
[EventDate "2016.08.06"]

1. e4 d6 2. d4 Nf6 3. Nc3 Nbd7 4. g4 e5 5. g5 Ng8 6. Nf3 c6 7. a4 Qc7 8. Be3 Nb8
9. Rg1 g6 10. dxe5 dxe5 11. Nxe5 Qxe5 12. Bd4 Qxh2 13. Rg2 Qh1 14. Bxh8 Bh3 15.
Qd2 Bxg2 16. O-O-O Be7 17. Nd5 cxd5 18. Bb5+ Nc6 19. Rxh1 Bxh1 20. exd5 O-O-O
21. c4 a6 22. Bxc6 bxc6 23. Qe3 Kb7 24. Qb3+ Ka7 25. Qe3+ Kb7 26. a5 c5 27. Qb3+
Ka8 28. Be5 Bxg5+ 29. f4 f6 30. Bc7 1-0

[Event "20th HZ Open 2016"]
[Site "Vlissingen NED"]
[Date "2016.08.13"]
[Round "9.18"]
[White "Go, Benjamin"]
[Black "Bosboom, Manuel"]
[Result "0-1"]
[BlackTitle "IM"]
[WhiteElo "2170"]
[BlackElo "2400"]
[WhiteFideId "1014560"]
[BlackFideId "1000080"]
[EventDate "2016.08.06"]

1. e4 c5 2. b4 cxb4 3. a3 d5 4. exd5 Qxd5 5. Nf3 Bg4 6. axb4 Nc6 7. Nc3 Qe6+ 8.
Qe2 Qd7 9. b5 Nd4 10. Qd3 Bxf3 11. gxf3 e5 12. Rg1 Ne7 13. f4 Ng6 14. Bh3 f5 15.
Ne2 Bc5 16. Ba3 e4 17. Nxd4 exd3 18. Bxc5 Qd5 19. Nb3 Nxf4 20. O-O-O Ne2+ 21.
Kb2 Rc8 22. cxd3 Rxc5 23. Bg2 Qxd3 24. Nxc5 Qd4+ 25. Kc2 Qxc5+ 26. Kd3 Nf4# 0-1

[Event "20th HZ Open 2016"]
[Site "Vlissingen NED"]
[Date "2016.08.13"]
[Round "9.19"]
[White "Nguyen, Kevin"]
[Black "Nitin, S."]
[Result "0-1"]
[BlackTitle "IM"]
[WhiteElo "2169"]
[BlackElo "2398"]
[WhiteFideId "1046349"]
[BlackFideId "5018277"]
[EventDate "2016.08.06"]

1. e4 c5 2. Nc3 a6 3. g3 b5 4. Bg2 Bb7 5. d3 e6 6. Nh3 h5 7. O-O b4 8. Nb1 d5 9.
Qe2 Be7 10. f4 Nf6 11. exd5 Bxd5 12. f5 e5 13. Nd2 Nc6 14. Nf3 Ng4 15. Nhg5 Qb6
16. Kh1 Bf6 17. c4 bxc3 18. bxc3 Ne7 19. Bd2 Rd8 20. Rab1 Qc7 21. d4 cxd4 22.
Qxa6 dxc3 23. Rfc1 Qc4 24. Qb6 e4 25. Nxf7 Bxf7 26. Bxc3 exf3 0-1

[Event "20th HZ Open 2016"]
[Site "Vlissingen NED"]
[Date "2016.08.13"]
[Round "9.20"]
[White "Timmermans, Mark"]
[Black "Bluhm, Sonja Maria"]
[Result "1-0"]
[WhiteTitle "FM"]
[BlackTitle "WFM"]
[WhiteElo "2387"]
[BlackElo "2235"]
[WhiteFideId "1026399"]
[BlackFideId "24654027"]
[EventDate "2016.08.06"]

1. e4 e5 2. Nf3 Nc6 3. d4 exd4 4. Nxd4 Nf6 5. Nxc6 bxc6 6. Qe2 Qe7 7. Nc3 d5 8.
exd5 Qxe2+ 9. Bxe2 cxd5 10. Nb5 Bb4+ 11. c3 Ba5 12. Bf4 c6 13. Nd4 Bd7 14. O-O
O-O 15. Ba6 Rfe8 16. Bb7 c5 17. Nb3 Bb6 18. Bxa8 Rxa8 19. Rfe1 Be6 20. Rad1 h6
21. Be3 Rc8 22. Nc1 Ng4 23. Bf4 c4 24. Bg3 Rc5 25. Kf1 Rb5 26. Rd2 Nf6 27. f3
Nd7 28. Ne2 Be3 29. Nd4 Bxd2 30. Nxb5 Bxe1 31. Kxe1 a6 32. Nc7 a5 33. Kd2 Nb6
34. Nxe6 fxe6 35. Bc7 Na4 36. Kc2 Nc5 37. Bxa5 Kf7 38. b4 Nd3 39. Kd2 Ke8 40.
Bb6 Kd7 41. a4 Nb2 42. a5 Kc6 43. Bd4 g6 44. a6 Nd3 45. b5+ Kc7 46. b6+ Kb8 47.
f4 Ka8 48. Bf6 h5 49. Be7 1-0

[Event "20th HZ Open 2016"]
[Site "Vlissingen NED"]
[Date "2016.08.13"]
[Round "9.21"]
[White "Yuan, Ye"]
[Black "Berchtenbreiter, Maximilian"]
[Result "0-1"]
[BlackTitle "IM"]
[WhiteElo "2166"]
[BlackElo "2373"]
[WhiteFideId "8608415"]
[BlackFideId "24641120"]
[EventDate "2016.08.06"]

1. d4 Nf6 2. c4 c5 3. d5 a6 4. a4 e6 5. Nc3 exd5 6. cxd5 Bd6 7. Nf3 Bc7 8. e4 d6
9. h3 O-O 10. Bd3 Re8 11. O-O Nbd7 12. Bf4 Nf8 13. Nd2 Ng6 14. Bg3 Rb8 15. a5
Ne5 16. Bxe5 Rxe5 17. Nc4 Re7 18. e5 Ne8 19. Ne4 Rxe5 20. Nxe5 dxe5 21. Nxc5
Bxa5 22. Qc2 g6 23. Rad1 Nd6 24. Ne4 Nxe4 25. Bxe4 Qd6 26. Rc1 Bd7 27. Qc5 Bb4
28. Qxd6 Bxd6 29. Rc3 Kf8 30. Rfc1 Ke7 31. Bd3 a5 32. b3 f5 33. Be2 Bb4 34. Rc7
Bd6 35. R7c3 b6 36. g3 b5 37. Ra1 Rb7 38. Rc6 Bxc6 39. dxc6 Rb6 40. Rxa5 Rxc6
41. Rxb5 Rc1+ 42. Kg2 Rc2 43. Bc4 e4 44. Bf1 h5 45. Rb7+ Kf6 46. Rb6 Ke7 47.
Rb7+ Kd8 48. Rg7 Bc5 0-1